| 000 | 00787nam a2200193Ia 4500 | ||
|---|---|---|---|
| 003 | GCL | ||
| 008 | 140319s9999 xx 000 0 ara d | ||
| 040 |
_aGCL / _cGCL |
||
| 082 | 0 | 4 |
_aم _b922.2 _bا غ |
| 100 | 1 | _aبرجسيتراسر، ج (عنى بنشرة) | |
| 245 | 1 | 0 |
_aغاية النهاية فى طبقات القراء DAS BIOFRAPHISCHE LEXIKON DER KORANLEHERE / _cبرجسيتراسر، ج (عنى بنشرة) |
| 700 | 1 | _aابن الجوزى : شمس الدين ابوالمظفر يوسف بن قزغلى بن عبدالله | |
| 260 |
_a[S.N] : _bدار الكتب العلمية للنشر والتوزيع ، _c1982 |
||
| 300 | _aمتعدد | ||
| 650 | 0 | 4 | _aالاسلام |
| 650 | 0 | 4 | _aالقراءات والتجويد |
| 650 | 0 | 4 | _aالقران |
| 942 |
_2ddc _cREF |
||
| 999 |
_c59477 _d59477 |
||